Catálogo público

Anabólicos y aditivos en la producción pecuaria / (Record no. 164304)

MARC details
000 -CABECERA
campo de control de longitud fija 01071nam a2200325Ia 4500
001 - NÚMERO DE CONTROL
campo de control Z_1216
003 - IDENTIFICADOR DEL NÚMERO DE CONTROL
campo de control CHAP
008 - DATOS DE LONGITUD FIJA--INFORMACIÓN GENERAL
campo de control de longitud fija 220113s9999 xx 000 0 und d
010 ## - NÚMERO DE CONTROL DE LA BIBLIOTECA DEL CONGRESO
Número de control de LC 164304
040 ## - FUENTE DE LA CATALOGACIÓN
Centro/agencia transcriptor CHAP
082 ## - NÚMERO DE LA CLASIFICACIÓN DECIMAL DEWEY
Número de clasificación 636.08557 A53
245 ## - MENCIÓN DE TÍTULO
Título Anabólicos y aditivos en la producción pecuaria /
Mención de responsabilidad, etc. editores Ernesto Avila González, Armando S. Shimada y Gerardo Llamas Lamas
260 ## - PUBLICACIÓN, DISTRIBUCIÓN, ETC.
Lugar de publicación, distribución, etc. México :
Nombre del editor, distribuidor, etc. Consultores en Producción Animal :,
-- Sistema de Educación Continua en Producción Animal en México,
Fecha de publicación, distribución, etc.
300 ## - DESCRIPCIÓN FÍSICA
Extensión xix, 253 p.
503 ## - NOTA DE HISTORIA BIBLIOGRÁFICA (BK CF MU) [OBSOLETO]
Nota de historia bibliográfica ej.1: C/E \ ej.2: C/E \ ej.3: C/E \ej.4: C/E \ ej.5: C/E
504 ## - NOTA DE BIBLIOGRAFÍA, ETC.
Nota de bibliografía, etc. Incluye bibliografía
650 ## - PUNTO DE ACCESO ADICIONAL DE MATERIA--TÉRMINO DE MATERIA
Término de materia o nombre geográfico como elemento de entrada Aditivos alimentarios
9 (RLIN) 138423
650 ## - PUNTO DE ACCESO ADICIONAL DE MATERIA--TÉRMINO DE MATERIA
Término de materia o nombre geográfico como elemento de entrada Aditivos para ensilaje
9 (RLIN) 138424
650 ## - PUNTO DE ACCESO ADICIONAL DE MATERIA--TÉRMINO DE MATERIA
Término de materia o nombre geográfico como elemento de entrada Agentes aglutinantes
9 (RLIN) 138425
650 ## - PUNTO DE ACCESO ADICIONAL DE MATERIA--TÉRMINO DE MATERIA
Término de materia o nombre geográfico como elemento de entrada Alimentación de animales
9 (RLIN) 138426
650 ## - PUNTO DE ACCESO ADICIONAL DE MATERIA--TÉRMINO DE MATERIA
Término de materia o nombre geográfico como elemento de entrada Fermentación ruminal
9 (RLIN) 138427
650 ## - PUNTO DE ACCESO ADICIONAL DE MATERIA--TÉRMINO DE MATERIA
Término de materia o nombre geográfico como elemento de entrada Nutrición animal
650 ## - PUNTO DE ACCESO ADICIONAL DE MATERIA--TÉRMINO DE MATERIA
Término de materia o nombre geográfico como elemento de entrada Saborizantes
9 (RLIN) 101115
901 ## - ELEMENTOS DE DATOS A LOCAL LDA (RLIN)
a 636.08557 A53
902 ## - ELEMENTOS DE DATOS B LOCAL, LDB (RLIN)
a M
910 ## - DATOS DE OPCIÓN DEL USUARIO (OCLC)
Datos de opción del usuario
942 ## - ELEMENTOS DE PUNTO DE ACCESO ADICIONAL (KOHA)
Tipo de ítem Koha Libro_
942 ## - ELEMENTOS DE PUNTO DE ACCESO ADICIONAL (KOHA)
Tipo de ítem Koha
Holdings
Estado de retiro Estado de pérdida Fuente del sistema de clasificación o colocación Estado dañado No para préstamo Código de colección Localización permanente Ubicación/localización actual Ubicación en estantería Fecha de adquisición Código de barras Fecha visto por última vez Número de copia Precio válido a partir de Tipo de ítem Koha Total de préstamos Renovaciones totales Fecha del último préstamo
    Dewey Decimal Classification     General Zootecnia Zootecnia   09/11/2005 z_1275 18/01/2022 1 18/01/2022 Libro      
    Dewey Decimal Classification     General Zootecnia Zootecnia   09/11/2005 z_1276 18/01/2022 2 18/01/2022 Libro      
    Dewey Decimal Classification     General Zootecnia Zootecnia   09/11/2005 z_4566 21/05/2025 3 18/01/2022 Libro 3 2 21/05/2025
    Dewey Decimal Classification     General Zootecnia Zootecnia   09/11/2005 z_4567 18/01/2022 4 18/01/2022 Libro      
    Dewey Decimal Classification     General Zootecnia Zootecnia   09/11/2005 z_4568 18/01/2022 5 18/01/2022 Libro